| 000 | 00765nam a2200217Ia 4500 | ||
|---|---|---|---|
| 001 | 4396 | ||
| 003 | GE_BSU | ||
| 008 | 181216s||||||||xx |||||||||||||| ||und|| | ||
| 040 | _cGE_BSU | ||
| 080 | _a621.64:66(035.3) | ||
| 100 | _aГуревич,Д.Ф. Заринский,О.Н. Шучинский,С.Х. | ||
| 245 | _aЭксплуатация приводной арматуры на химических предприятиях. | ||
| 245 | _bСправочник. | ||
| 245 | _cред. С.Л. Томарченко. | ||
| 260 | _aМ. | ||
| 260 | _bХимия. | ||
| 260 | _c1985. | ||
| 300 | _a360 стр. 22 см. | ||
| 653 | _aЭксплуатация приводной арматуры на химических предприятиях. | ||
| 942 | _cBK | ||
| 999 |
_c38386 _d38386 |
||